[Event "Rated Blitz game"]
[Site "?"]
[Date "2021.11.23"]
[Round "?"]
[White "board_control"]
[Black "RCompany_1"]
[Result "1-0"]
[WhiteElo "2508"]
[BlackElo "2367"]
[PlyCount "79"]
[EventDate "2021.??.??"]
[EventType "blitz"]

1. e4 e5 2. Nf3 d5 3. Nxe5 Bd6 4. d4 dxe4 5. Nc3 Nf6 6. Bc4 O-O 7. O-O Nc6 8.
f4 Bb4 9. Ne2 Na5 10. c3 Nxc4 11. Nxc4 Be7 12. Ne3 c5 13. b3 Qc7 14. Bb2 a5 15.
d5 b5 16. c4 Ba6 17. g4 bxc4 18. bxc4 Bc8 19. Ng3 Ne8 20. Ngf5 Bf6 21. Qd2 Rb8
22. Bxf6 Nxf6 23. g5 Nh5 24. d6 Qb7 25. Ne7+ Kh8 26. Qe2 g6 27. Rab1 Qxb1 28.
Rxb1 Rxb1+ 29. Kf2 Be6 30. Qc2 Rfb8 31. Qc3+ Ng7 32. f5 Bd7 33. N3d5 R8b2+ 34.
Kg3 Rg1+ 35. Kh3 Rgg2 36. Nf4 Rgc2 37. Qxa5 Rxh2+ 38. Kg3 Nxf5+ 39. Nxf5 Bxf5
40. Qd8+ {Time forfeit} 1-0

[Event "Rated Blitz game"]
[Site "?"]
[Date "2021.11.23"]
[Round "?"]
[White "LauraYY"]
[Black "akramelgohary"]
[Result "0-1"]
[WhiteElo "2432"]
[BlackElo "2296"]
[PlyCount "54"]
[EventDate "2021.??.??"]
[EventType "blitz"]

1. e4 e5 2. Nf3 d5 3. Nxe5 dxe4 4. d4 exd3 5. Bxd3 Bd6 6. Nc4 Nc6 7. Nxd6+ Qxd6
8. O-O Be6 9. Nc3 O-O-O 10. Nb5 Qe7 11. Bf4 Rd7 12. a4 a6 13. Nc3 g5 14. Bg3 h5
15. f4 h4 16. Be1 h3 17. f5 Bc4 18. Qf3 Ne5 19. Qe3 hxg2 20. Kxg2 Bxd3 21. Qa7
Bxf1+ 22. Kxf1 Nc6 23. Qa8+ Nb8 24. Bg3 Nf6 25. Re1 Qc5 26. Re5 Qc4+ 27. Kg2
Rd2+ {Time forfeit} 0-1

[Event "Rated Blitz game"]
[Site "?"]
[Date "2021.11.23"]
[Round "?"]
[White "kyle2007"]
[Black "Caligula666"]
[Result "1/2-1/2"]
[WhiteElo "2450"]
[BlackElo "2385"]
[PlyCount "139"]
[EventDate "2021.??.??"]
[EventType "blitz"]

1. e4 e5 2. Nf3 d5 3. d4 dxe4 4. Nxe5 Bd6 5. Bc4 Bxe5 6. Qh5 Qe7 7. Qxe5 Qxe5
8. dxe5 Nc6 9. Nc3 Bf5 10. Bf4 Nge7 11. O-O-O Ng6 12. Bg3 Ngxe5 13. Bd5 O-O-O
14. Nxe4 Rxd5 15. Rxd5 Bxe4 16. Rxe5 Nxe5 17. Bxe5 Bxg2 18. Rg1 Be4 19. Rxg7
Re8 20. Bg3 Bg6 21. h4 h5 22. Kd2 Kd7 23. Bf4 Ke6 24. Be3 Rd8+ 25. Kc3 b6 26.
b4 Rc8 27. Kc4 c5 28. bxc5 bxc5 29. Bd2 Kf5 30. Bc3 Kg4 31. Bf6 Kf3 32. Be7
Kxf2 33. Bxc5+ Kg3 34. Kb4 a6 35. c4 Kxh4 36. Bd4 Kg4 37. c5 Kf5 38. Ka5 h4 39.
Kb6 h3 40. Bg1 Kf6 41. Bd4+ Ke6 42. Bg1 Kd5 43. Kxa6 Ra8+ 44. Kb7 Rxa2 45. c6
Rb2+ 46. Kc7 Rc2 47. Rg8 Rxc6+ 48. Kd7 Rc1 49. Rh8 Rxg1 50. Rxh3 Re1 51. Rf3
Re4 52. Rg3 Ke5 53. Ke7 Kf5+ 54. Kf8 Bh5 55. Kg7 Re8 56. Kh6 Bg6 57. Kg7 Re4
58. Rf3+ Rf4 59. Rg3 Bh5 60. Kh6 Bg4 61. Rg2 f6 62. Kg7 Kg5 63. Kf7 f5 64. Rg1
Rf2 65. Ke6 f4+ 66. Ke5 f3 67. Rd1 Re2+ 68. Kd5 Re1 69. Kd6 Rxd1+ 70. Kc6 {
Time forfeit} 1/2-1/2

[Event "Rated Blitz tournament hRL7XUUe"]
[Site "?"]
[Date "2021.11.23"]
[Round "?"]
[White "Joseph33Navarro"]
[Black "NDMUSPERM523"]
[Result "0-1"]
[WhiteElo "2443"]
[BlackElo "2216"]
[PlyCount "112"]
[EventDate "2021.??.??"]
[EventType "blitz"]

1. e4 e5 2. Nf3 d5 3. exd5 Qxd5 4. Nc3 Qe6 5. Qe2 Nc6 6. d3 a6 7. Be3 Bb4 8. a3
Bxc3+ 9. bxc3 Nge7 10. h4 h6 11. g3 Nd5 12. Bd2 f5 13. c4 Nf6 14. Bc3 e4 15.
Nd4 Nxd4 16. Bxd4 O-O 17. Bh3 b6 18. O-O Bb7 19. Rfe1 Rae8 20. Qd2 Qd6 21. Bc3
Ng4 22. Bxg4 fxg4 23. dxe4 Qxd2 24. Bxd2 Rxe4 25. Rxe4 Bxe4 26. Re1 Bf3 27. Bf4
Kf7 28. Bxc7 Rc8 29. Bxb6 Rxc4 30. Rc1 Be4 31. c3 Bf3 32. Kf1 Re4 33. Be3 Ra4
34. Bc5 Re4 35. Re1 Bg2+ 36. Kxg2 Rxe1 37. Bb4 Re2 38. c4 Rc2 39. c5 Ke6 40. h5
Kf5 41. Kf1 Kg5 42. Ke1 Kxh5 43. Kd1 Rxf2 44. c6 Rf6 45. c7 Rc6 46. Ba5 Kg6 47.
Kd2 Kf5 48. Ke3 Ke5 49. Kd3 g5 50. a4 Kd6 51. Kd4 h5 52. Ke4 Kd7 53. Kf5 Rc5+
54. Kg6 Rxa5 55. Kxh5 Kxc7 56. Kxg4 Rxa4+ {Normal} 0-1

[Event "Rated Blitz game"]
[Site "?"]
[Date "2021.11.23"]
[Round "?"]
[White "Godfroi"]
[Black "Konevoyazher"]
[Result "1-0"]
[WhiteElo "2413"]
[BlackElo "2276"]
[PlyCount "111"]
[EventDate "2021.??.??"]
[EventType "blitz"]

1. e4 e5 2. Nf3 d5 3. exd5 Bd6 4. Nc3 Nf6 5. d3 O-O 6. Be2 h6 7. O-O c6 8. dxc6
Nxc6 9. Be3 Bg4 10. Nd2 Bxe2 11. Qxe2 Rc8 12. Nde4 Bb4 13. Nxf6+ Qxf6 14. Nd5
Qd6 15. c4 Bc5 16. Bxc5 Qxc5 17. a3 f6 18. b4 Qd4 19. Rac1 b6 20. b5 Na5 21.
Ne7+ Kf7 22. Nxc8 Rxc8 23. h3 Nb3 24. Rb1 Nc5 25. Rbd1 Qc3 26. d4 exd4 27. Qh5+
Kg8 28. Qd5+ Kh8 29. Qxd4 Qxa3 30. Ra1 Nb3 31. Rxa3 Nxd4 32. Rxa7 Rxc4 33. Rb7
Nxb5 34. Rxb6 Nc3 35. Re1 Re4 36. Rxe4 Nxe4 37. g4 Kh7 38. Kg2 h5 39. f4 hxg4
40. hxg4 Nc5 41. Kf3 Kg6 42. Ke3 Kf7 43. Kd4 Ne6+ 44. Ke4 Nc5+ 45. Kd5 Nd3 46.
f5 Nf2 47. Rb7+ Kg8 48. Rb4 Kf7 49. Kd6 Kf8 50. Ke6 Kg8 51. Ke7 Kh7 52. Kf8 Kh6
53. Kf7 Kg5 54. Kxg7 Nxg4 55. Rxg4+ Kxg4 56. Kxf6 {Normal} 1-0

[Event "Rated Blitz game"]
[Site "?"]
[Date "2021.11.23"]
[Round "?"]
[White "spanner-rt07"]
[Black "mirekkk14"]
[Result "1/2-1/2"]
[WhiteElo "2418"]
[BlackElo "2406"]
[PlyCount "131"]
[EventDate "2021.??.??"]
[EventType "blitz"]

1. e4 e5 2. Nf3 d5 3. d4 dxe4 4. Nxe5 Bd6 5. Nc3 Bxe5 6. dxe5 Qxd1+ 7. Nxd1 Nc6
8. Bb5 Nge7 9. Nc3 a6 10. Bxc6+ Nxc6 11. Bf4 Bf5 12. O-O-O Rd8 13. Rxd8+ Kxd8
14. Re1 Re8 15. Nxe4 Nxe5 16. Ng3 Nd3+ 17. cxd3 Rxe1+ 18. Kd2 Rb1 19. Nxf5
Rxb2+ 20. Ke3 g6 21. Nh6 f5 22. Nf7+ Kc8 23. Ng5 h6 24. Nf7 g5 25. Be5 f4+ 26.
Kf3 Rxa2 27. Nxh6 Rd2 28. Nf7 Rxd3+ 29. Ke4 Rd2 30. Nxg5 Rxf2 31. Bxf4 Rxg2 32.
h4 a5 33. h5 Re2+ 34. Kf5 a4 35. h6 a3 36. h7 Re8 37. Be5 c5 38. h8=Q Rxh8 39.
Bxh8 Kd7 40. Ke4 Kc6 41. Kd3 b5 42. Kc3 b4+ 43. Kb3 Kb5 44. Ne4 c4+ 45. Ka2 Ka4
46. Nc5+ Kb5 47. Ne4 Ka4 48. Nd2 b3+ 49. Kb1 Kb4 50. Ne4 Ka4 51. Nc3+ Kb4 52.
Be5 Kc5 53. Bh8 Kb4 54. Nd1 Ka4 55. Bc3 Kb5 56. Ne3 Kc5 57. Nf5 Kd5 58. Ne3+
Ke4 59. Nxc4 Kd3 60. Bb4 a2+ 61. Kb2 Kxc4 62. Bf8 Kb5 63. Bg7 Ka4 64. Bc3 Kb5
65. Kxb3 a1=Q 66. Bxa1 {Normal} 1/2-1/2

[Event "Rated Blitz game"]
[Site "?"]
[Date "2021.11.23"]
[Round "?"]
[White "Godfroi"]
[Black "Konevoyazher"]
[Result "1/2-1/2"]
[WhiteElo "2411"]
[BlackElo "2278"]
[PlyCount "96"]
[EventDate "2021.??.??"]
[EventType "blitz"]

1. e4 e5 2. Nf3 d5 3. exd5 Bd6 4. Nc3 Nf6 5. d3 Bg4 6. h3 Bh5 7. Be2 O-O 8. O-O
h6 9. Nxe5 Bxe2 10. Qxe2 Re8 11. d4 Nxd5 12. Nxf7 Nxc3 13. Qc4 Bh2+ 14. Kxh2
Qd5 15. Qxd5 Nxd5 16. Ne5 c5 17. Be3 cxd4 18. Bxd4 Nc6 19. Nxc6 bxc6 20. Rfe1
Nb4 21. Rxe8+ Rxe8 22. Bxa7 Nxc2 23. Rc1 Re2 24. Kg3 Nb4 25. a3 Nd3 26. Rxc6
Rxb2 27. a4 Rb3 28. Be3 Ra3 29. Ra6 Nb2 30. Ra8+ Kh7 31. a5 Nc4 32. a6 Nxe3 33.
fxe3 Rxe3+ 34. Kf4 Ra3 35. h4 Kg6 36. a7 h5 37. Ke4 Kf7 38. Kf5 Ra5+ 39. Ke4
Kg6 40. Kd4 Ra2 41. Kc4 Ra1 42. Kb3 Ra6 43. Kb4 Ra2 44. Kb3 Ra6 45. Kb4 Ra2 46.
Kb5 Rb2+ 47. Ka4 Ra2+ 48. Kb3 Ra6 {Normal} 1/2-1/2

[Event "Rated Blitz tournament gLYb9bJb"]
[Site "?"]
[Date "2021.11.23"]
[Round "?"]
[White "Loy_Konstantin"]
[Black "Shuhratullo"]
[Result "1-0"]
[WhiteElo "2417"]
[BlackElo "2276"]
[PlyCount "55"]
[EventDate "2021.??.??"]
[EventType "blitz"]

1. e4 e5 2. Nf3 d5 3. exd5 e4 4. Qe2 Nf6 5. d3 Bb4+ 6. c3 O-O 7. dxe4 Bc5 8.
Be3 Bxe3 9. Qxe3 Re8 10. Bd3 Nxd5 11. Qd4 Nc6 12. Qa4 Nxc3 13. Nxc3 Qxd3 14.
Rd1 Qa6 15. Qxa6 bxa6 16. O-O Bg4 17. Rfe1 Ne5 18. Re3 Nxf3+ 19. gxf3 Bh3 20.
Red3 g6 21. b3 c5 22. Nd5 Kg7 23. Nc7 Rec8 24. Nxa8 Rxa8 25. Rd8 Rxd8 26. Rxd8
a5 27. Rd5 a4 28. Rxc5 {Normal} 1-0

[Event "Rated Blitz game"]
[Site "?"]
[Date "2021.11.23"]
[Round "?"]
[White "ChessDr017"]
[Black "khalid_ontawar"]
[Result "0-1"]
[WhiteElo "2529"]
[BlackElo "2474"]
[PlyCount "96"]
[EventDate "2021.??.??"]
[EventType "blitz"]

1. e4 e5 2. Nf3 d5 3. Nc3 dxe4 4. Nxe5 Qe7 5. Nc4 Nc6 6. Be2 g6 7. O-O Bg7 8.
Re1 Nf6 9. d4 O-O 10. Bg5 Rd8 11. d5 Ne5 12. Qd4 Nxc4 13. Bxc4 Bf5 14. f3 h6
15. fxe4 hxg5 16. exf5 Qd6 17. fxg6 fxg6 18. Re6 Qxe6 19. dxe6 Rxd4 20. Bb3 Kf8
21. Nb5 Re4 22. Nxc7 Rc8 23. Nb5 Ke7 24. Rd1 a6 25. Nc3 Re5 26. h3 g4 27. hxg4
Nxg4 28. Rd7+ Kf8 29. g3 Bf6 30. Rf7+ Kg8 31. Rxb7 Re8 32. Nd5 Bg7 33. Nf4 g5
34. Nd3 Re2 35. Ra7 Bd4+ 36. Kf1 Bxa7 37. Kxe2 Kg7 38. Kf3 Nf6 39. g4 Bb8 40.
Ne5 Bxe5 41. c3 Re7 42. Bc4 Ne8 43. Bxa6 Kf6 44. Bc4 Nd6 45. a4 Nxc4 46. b3
Nd2+ 47. Ke3 Nxb3 48. c4 Nc5 {Time forfeit} 0-1

[Event "Rated Blitz game"]
[Site "?"]
[Date "2021.11.23"]
[Round "?"]
[White "Isocascutchimo"]
[Black "luckyluke9999"]
[Result "0-1"]
[WhiteElo "2580"]
[BlackElo "2539"]
[PlyCount "52"]
[EventDate "2021.??.??"]
[EventType "blitz"]

1. e4 e5 2. Nf3 d5 3. exd5 e4 4. Ne5 Qxd5 5. d4 exd3 6. Nxd3 Bd6 7. Nc3 Qe6+ 8.
Be2 Nf6 9. O-O O-O 10. Bf4 Nc6 11. Bxd6 Qxd6 12. Nb5 Qd8 13. Nc5 Qe7 14. Nd3 a6
15. Nc3 Bf5 16. Re1 Rad8 17. Bf3 Qd6 18. Qc1 Bxd3 19. cxd3 Qxd3 20. Qf4 Qd6 21.
Qh4 Nd4 22. Bxb7 Nc2 23. Rad1 Qb6 24. Rxd8 Rxd8 25. Nd5 Rxd5 26. Qxf6 gxf6 {
Normal} 0-1

[Event "Rated Blitz game"]
[Site "?"]
[Date "2021.11.23"]
[Round "?"]
[White "puziko52"]
[Black "Erow"]
[Result "0-1"]
[WhiteElo "2675"]
[BlackElo "2761"]
[PlyCount "48"]
[EventDate "2021.??.??"]
[EventType "blitz"]

1. e4 e5 2. Nf3 d5 3. Nxe5 Bd6 4. d4 dxe4 5. Qh5 Be6 6. Bc4 Nf6 7. Qh4 Bxc4 8.
Nxc4 O-O 9. Nxd6 Qxd6 10. Bg5 Qxd4 11. Bxf6 Qxf6 12. Qxf6 gxf6 13. Nc3 f5 14.
Rd1 Nc6 15. Rd7 Rad8 16. Rxc7 Nd4 17. Ne2 b6 18. Nf4 Rfe8 19. O-O a5 20. h3 Re5
21. Kh2 Rb5 22. b3 Rc5 23. Rxc5 bxc5 24. Rd1 Nf3+ {Normal} 0-1

[Event "Rated Blitz game"]
[Site "?"]
[Date "2021.11.23"]
[Round "?"]
[White "nozar1k"]
[Black "Catalyst226"]
[Result "1-0"]
[WhiteElo "2452"]
[BlackElo "2292"]
[PlyCount "67"]
[EventDate "2021.??.??"]
[EventType "blitz"]

1. e4 e5 2. Nf3 d5 3. Bc4 dxc4 4. Nxe5 Be6 5. O-O Nc6 6. Nxc6 bxc6 7. Nc3 Ne7
8. f4 f6 9. b3 h5 10. Kh1 Bg4 11. Qe1 cxb3 12. axb3 Nc8 13. f5 h4 14. h3 Bh5
15. Qxh4 Rh7 16. d3 Bb4 17. Bd2 Qd4 18. Qe1 Ne7 19. Ra4 c5 20. Nb5 Bxd2 21.
Qxd2 Qd7 22. Qa5 Kf7 23. Nxc7 Rc8 24. Ne6 Ra8 25. Rfa1 Qd6 26. Qb5 Qg3 27. Qc4
Ke8 28. Rxa7 Rc8 29. Qb5+ Kf7 30. Rxe7+ Kxe7 31. Ra7+ Kd6 32. Qd7+ Ke5 33. Qxc8
Qe1+ 34. Kh2 {Time forfeit} 1-0

[Event "Rated Blitz game"]
[Site "?"]
[Date "2021.11.23"]
[Round "?"]
[White "spanner-rt07"]
[Black "mirekkk14"]
[Result "0-1"]
[WhiteElo "2418"]
[BlackElo "2407"]
[PlyCount "86"]
[EventDate "2021.??.??"]
[EventType "blitz"]

1. e4 e5 2. Nf3 d5 3. d4 dxe4 4. Nxe5 Bd6 5. Nc3 Bxe5 6. dxe5 Qxd1+ 7. Nxd1 Nc6
8. Bb5 Bd7 9. Bf4 O-O-O 10. O-O Nge7 11. Nc3 Nxe5 12. Bxd7+ Nxd7 13. Nxe4 f6
14. c4 h5 15. Be3 Nf5 16. Bd2 Ne5 17. b3 b6 18. a4 Rd4 19. f3 Rhd8 20. Bc3 Rd3
21. a5 Kb7 22. axb6 axb6 23. c5 Ne3 24. Rfc1 Nd1 25. Be1 f5 26. Nf2 Nxf2 27.
Kxf2 Rxb3 28. cxb6 cxb6 29. Rc2 g5 30. Kg3 h4+ 31. Kf2 Nd3+ 32. Kf1 Nc5 33. Bf2
Rd5 34. Rac1 Kc6 35. h3 Kd6 36. Kg1 Nd3 37. Rc6+ Ke5 38. Ra1 b5 39. Be3 Nf4 40.
Bxf4+ Kxf4 41. Rc2 Kg3 42. Re1 Rbd3 43. Rc6 Rd2 {Time forfeit} 0-1

[Event "Rated Blitz tournament zX3808Hz"]
[Site "?"]
[Date "2021.11.23"]
[Round "?"]
[White "City-Hunter"]
[Black "om_gendut"]
[Result "0-1"]
[WhiteElo "2211"]
[BlackElo "2448"]
[PlyCount "40"]
[EventDate "2021.??.??"]
[EventType "blitz"]

1. e4 e5 2. Nf3 d5 3. exd5 e4 4. Nd4 Qxd5 5. c3 Nf6 6. b3 Bd6 7. Bc4 Qe5 8. Bb2
O-O 9. Be2 a6 10. c4 c5 11. Nf5 Qxb2 12. Nxd6 Qxa1 13. Nc3 Qxd1+ 14. Kxd1 Nc6
15. Ndxe4 Nxe4 16. Nxe4 b6 17. Bf3 Nd4 18. Nc3 Nxf3 19. gxf3 Bb7 20. f4 Bxh1 {
Normal} 0-1

[Event "Rated Blitz tournament uRtTr77R"]
[Site "?"]
[Date "2021.11.23"]
[Round "?"]
[White "GLaadiat0r"]
[Black "Bis_Kecil_BKD"]
[Result "1/2-1/2"]
[WhiteElo "2285"]
[BlackElo "2466"]
[PlyCount "161"]
[EventDate "2021.??.??"]
[EventType "blitz"]

1. e4 e5 2. Nf3 d5 3. Nxe5 dxe4 4. d4 Nd7 5. Nxd7 Bxd7 6. Qe2 Nf6 7. Bg5 Bd6 8.
Bxf6 Qxf6 9. Qxe4+ Kf8 10. Be2 Re8 11. Qd3 Bf5 12. Qd2 Qh4 13. g3 Qe4 14. Rf1
Qxc2 15. Qxc2 Bxc2 16. Kd2 Bg6 17. Nc3 h5 18. Bd3 Bxd3 19. Kxd3 h4 20. Rae1
hxg3 21. Rxe8+ Kxe8 22. hxg3 f5 23. Re1+ Kd7 24. Nd5 Rh2 25. Re2 c6 26. Ne3 g6
27. Nc4 b5 28. Nd2 Rh1 29. Nf3 a5 30. Nh4 f4 31. Nxg6 fxg3 32. fxg3 Bxg3 33.
Re7+ Kd6 34. Rf7 Rd1+ 35. Ke4 Rd2 36. Rf6+ Kc7 37. Rf3 Bf2 38. Rf7+ Kb6 39. Ne5
Rxd4+ 40. Kf3 Rd2 41. Nd7+ Ka6 42. Nb8+ Kb6 43. Nd7+ Kc7 44. Nc5+ Kb6 45. Ne4
Rxb2 46. Nxf2 Rxa2 47. Ne4 b4 48. Nd6 a4 49. Rb7+ Kc5 50. Ne4+ Kc4 51. Rc7 b3
52. Rxc6+ Kb5 53. Rc5+ Kb4 54. Rc8 b2 55. Rb8+ Ka3 56. Ke3 Ra1 57. Nd2 Ka2 58.
Ra8 a3 59. Kd3 Rd1 60. Kc2 Rxd2+ 61. Kxd2 b1=Q 62. Rc8 Qb4+ 63. Kd3 Qb5+ 64.
Kd2 Qa5+ 65. Kd1 Kb2 66. Rc2+ Kb3 67. Rc1 Qb4 68. Rb1+ Kc4 69. Rxb4+ Kxb4 70.
Kc2 Ka4 71. Kb1 Kb3 72. Ka1 Kc3 73. Kb1 Kb4 74. Ka1 Kb3 75. Kb1 Kc3 76. Ka1 Kc4
77. Kb1 Kc3 78. Ka1 Kb4 79. Ka2 Ka4 80. Kb1 Kb3 81. Ka1 {Time forfeit} 1/2-1/2

[Event "Rated Blitz tournament 8nsi8dwe"]
[Site "?"]
[Date "2021.11.23"]
[Round "?"]
[White "Castrito"]
[Black "emilo_ibarra_brito"]
[Result "1-0"]
[WhiteElo "2607"]
[BlackElo "2200"]
[PlyCount "69"]
[EventDate "2021.??.??"]
[EventType "blitz"]

1. e4 e5 2. Nf3 d5 3. exd5 e4 4. Nd4 Qxd5 5. Nb3 Qe5 6. Be2 Nf6 7. d4 exd3 8.
Qxd3 Nc6 9. N1d2 Bd6 10. Nf3 Qe7 11. O-O O-O 12. a3 Be6 13. Re1 Rfd8 14. Qb5
Rab8 15. Qg5 h6 16. Qh4 Re8 17. Bxh6 gxh6 18. Qxh6 Nh7 19. Bd3 f6 20. Rxe6 Qxe6
21. Bxh7+ Kf7 22. Bg6+ Ke7 23. Bxe8 Rxe8 24. Re1 Be5 25. Nbd4 Nxd4 26. Nxd4 Qb6
27. Qh4 Kd8 28. Rd1 Kc8 29. Qg4+ Kb8 30. Qd7 Rh8 31. Nf3 Bd6 32. b4 a6 33. c4
Bf4 34. c5 Qa7 35. Qd8+ {Normal} 1-0

[Event "Rated Blitz game"]
[Site "?"]
[Date "2021.11.22"]
[Round "?"]
[White "IesPak"]
[Black "khalid_ontawar"]
[Result "0-1"]
[WhiteElo "2462"]
[BlackElo "2470"]
[PlyCount "96"]
[EventDate "2021.??.??"]
[EventType "blitz"]

1. e4 e5 2. Nf3 d5 3. Nc3 dxe4 4. Nxe4 Nc6 5. Bb5 Bd6 6. O-O Bf5 7. Re1 Nge7 8.
d4 exd4 9. Nxd6+ Qxd6 10. Qxd4 O-O 11. Qxd6 cxd6 12. Bf4 Rfd8 13. c3 h6 14. h3
a6 15. Bf1 Be6 16. a4 Ng6 17. Bg3 d5 18. Rad1 Rd7 19. Nd4 Nxd4 20. Rxd4 Rc8 21.
Red1 Re7 22. Bd6 Ree8 23. a5 Rc6 24. Bg3 Rcc8 25. R4d3 Ne7 26. b4 Nf5 27. Be5
f6 28. Bf4 g5 29. Bh2 Kf7 30. g4 Ne7 31. Bd6 Nc6 32. Bc5 Ne5 33. Re3 h5 34. Bd4
hxg4 35. hxg4 Nxg4 36. Rf3 Kg6 37. Bh3 f5 38. Re1 Nf6 39. Rxe6 Rxe6 40. Bxf5+
Kh5 41. Bxe6 g4 42. Rxf6 Ra8 43. Be3 Rh8 44. Bf7+ Kh4 45. Rg6 g3 46. Rh6+ Rxh6
47. Bxh6 gxf2+ 48. Kxf2 Kg4 {Time forfeit} 0-1

[Event "Rated Blitz game"]
[Site "?"]
[Date "2021.11.22"]
[Round "?"]
[White "Maximum-vrn"]
[Black "Taabling"]
[Result "0-1"]
[WhiteElo "2413"]
[BlackElo "2523"]
[PlyCount "106"]
[EventDate "2021.??.??"]
[EventType "blitz"]

1. e4 e5 2. Nf3 d5 3. Nxe5 Bd6 4. d4 dxe4 5. Nc4 Nf6 6. Be2 O-O 7. Nxd6 Qxd6 8.
O-O Nc6 9. Be3 Bf5 10. c3 Rae8 11. Nd2 Nd5 12. Nc4 Qd7 13. a4 Bg6 14. Bd2 f5
15. Ne3 f4 16. Nxd5 Qxd5 17. f3 e3 18. Be1 Kh8 19. Bd3 Re6 20. Bh4 Qh5 21. Bc4
e2 22. Bxe2 Qxh4 23. d5 Rd6 24. Qb3 Na5 25. Qb5 b6 26. b4 Nb7 27. c4 Qe7 28.
Rfe1 Qe3+ 29. Kf1 Bd3 30. Rad1 Bxe2+ 31. Rxe2 Qb3 32. Rde1 Rdf6 33. c5 Qxd5 34.
Re5 Qg8 35. a5 Nd8 36. axb6 axb6 37. Re7 bxc5 38. bxc5 c6 39. Qb6 h6 40. Qc7
R6f7 41. Rxf7 Qxf7 42. Re7 Qc4+ 43. Kf2 Qxc5+ 44. Kf1 Qc4+ 45. Kf2 Qd4+ 46. Kf1
Qd3+ 47. Kf2 Qc2+ 48. Kf1 Qc4+ 49. Kf2 Ne6 50. Qd7 Qd4+ 51. Qxd4 Nxd4 52. Re4
c5 53. Re5 Rc8 {Normal} 0-1

[Event "Rated Blitz game"]
[Site "?"]
[Date "2021.11.22"]
[Round "?"]
[White "giadakkkkk"]
[Black "mirekkk14"]
[Result "1-0"]
[WhiteElo "2426"]
[BlackElo "2347"]
[PlyCount "41"]
[EventDate "2021.??.??"]
[EventType "blitz"]

1. e4 e5 2. Nf3 d5 3. Nxe5 Bd6 4. d4 dxe4 5. Nc4 Nf6 6. Nc3 O-O 7. Be2 Re8 8.
Ne3 Nc6 9. d5 Ne5 10. O-O g6 11. f4 exf3 12. Bxf3 Qe7 13. Nb5 Bc5 14. Kh1 Nxf3
15. Qxf3 a6 16. Nxc7 Qxc7 17. Qxf6 Bxe3 18. Bxe3 Rxe3 19. Rae1 Rxe1 20. Rxe1
Bf5 21. Re7 {Normal} 1-0

[Event "Rated Blitz game"]
[Site "?"]
[Date "2021.11.22"]
[Round "?"]
[White "JoyfulChess"]
[Black "Paradoxx1982"]
[Result "0-1"]
[WhiteElo "2410"]
[BlackElo "2259"]
[PlyCount "38"]
[EventDate "2021.??.??"]
[EventType "blitz"]

1. e4 e5 2. Nf3 d5 3. Nxe5 Bd6 4. d4 dxe4 5. Bc4 Bxe5 6. Qh5 Qe7 7. dxe5 Nc6 8.
Bg5 Qb4+ 9. Nd2 Nxe5 10. Qh4 Nxc4 11. Qxe4+ Be6 12. c3 Qxb2 13. Rb1 Nxd2 14.
Bxd2 Qxa2 15. Rxb7 Rd8 16. Bg5 Ne7 17. Rxc7 f6 18. Be3 Qd5 19. Qb4 Qd1# {Normal
} 0-1

[Event "Rated Blitz game"]
[Site "?"]
[Date "2021.11.22"]
[Round "?"]
[White "lvlUIS10"]
[Black "Schachelite"]
[Result "1-0"]
[WhiteElo "2406"]
[BlackElo "2502"]
[PlyCount "131"]
[EventDate "2021.??.??"]
[EventType "blitz"]

1. e4 e5 2. Nf3 d5 3. Nxe5 Bd6 4. d4 dxe4 5. Bc4 Bxe5 6. dxe5 Qxd1+ 7. Kxd1 Nc6
8. Bf4 Nge7 9. Bb5 Bg4+ 10. Kc1 O-O-O 11. Bxc6 Nxc6 12. Nd2 Rhe8 13. Nxe4 Nxe5
14. Bxe5 Rxe5 15. f3 Bf5 16. Nc3 b5 17. Rd1 Rde8 18. a3 a6 19. b4 R8e6 20. Kb2
Rc6 21. Re1 Rxe1 22. Rxe1 Rd6 23. Re2 Kd7 24. g4 Be6 25. h3 Bc4 26. Rf2 g5 27.
Ne4 Rg6 28. Rd2+ Kc8 29. Nc5 Rf6 30. Ne4 Rxf3 31. Nxg5 Rg3 32. Rh2 h6 33. Ne4
Re3 34. Nc5 Bf1 35. h4 f6 36. Rf2 Be2 37. Rxf6 Kd8 38. Rxh6 Bxg4 39. Rxa6 Rh3
40. Rh6 Rh2 41. Rh8+ Ke7 42. Rh7+ Kd8 43. Kb3 Bd1 44. Ne6+ Ke8 45. Nxc7+ Kf8
46. Ne6+ Kg8 47. Rg7+ Kh8 48. Rc7 Rxh4 49. Rc3 Re4 50. Nc5 Re2 51. Kb2 Kg8 52.
Rg3+ Kf7 53. Rc3 Ke7 54. Kc1 Kd6 55. Kxd1 Rh2 56. Kc1 Rh1+ 57. Kb2 Kc6 58. Rd3
Kb6 59. Ne6 Rh2 60. Nc5 Kc7 61. Rd7+ Kc6 62. Rd3 Rf2 63. Rd6+ Kc7 64. Ne4 Re2
65. Rd4 Kc6 66. Nc5 {Time forfeit} 1-0

[Event "Rated Blitz game"]
[Site "?"]
[Date "2021.11.22"]
[Round "?"]
[White "SateliteLag"]
[Black "Roberto_Baggio1978"]
[Result "1-0"]
[WhiteElo "2524"]
[BlackElo "2575"]
[PlyCount "85"]
[EventDate "2021.??.??"]
[EventType "blitz"]

1. e4 e5 2. Nf3 d5 3. Nxe5 Bd6 4. d4 dxe4 5. Nc4 Nf6 6. Bg5 O-O 7. Be2 Nc6 8.
c3 Be7 9. Nbd2 Bf5 10. Ne3 Bg6 11. h4 h6 12. Bf4 Nd5 13. Nxd5 Qxd5 14. Bc4 Qf5
15. Be3 Bd6 16. g4 Qd7 17. h5 Bh7 18. Rg1 Kh8 19. g5 hxg5 20. Bxg5 Ne7 21. h6
Bg6 22. hxg7+ Kxg7 23. Qe2 Qf5 24. Be3 Rh8 25. O-O-O b5 26. Bb3 a5 27. Rg5 Qf6
28. Rdg1 a4 29. Bc2 Qe6 30. Nxe4 Qxa2 31. Nxd6 cxd6 32. d5 a3 33. Bd4+ Kf8 34.
Rxg6 axb2+ 35. Kd2 Nxg6 36. Rxg6 b1=Q 37. Bg7+ Kg8 38. Bf6+ fxg6 39. Qe6+ Kh7
40. Qf7+ Kh6 41. Bg7+ Kh5 42. Qf3+ Kg5 43. Bf6+ {Time forfeit} 1-0

[Event "Rated Blitz game"]
[Site "?"]
[Date "2021.11.22"]
[Round "?"]
[White "chesslover1304"]
[Black "Pepiton61"]
[Result "0-1"]
[WhiteElo "2452"]
[BlackElo "2372"]
[PlyCount "52"]
[EventDate "2021.??.??"]
[EventType "blitz"]

1. e4 e5 2. Nf3 d5 3. exd5 e4 4. Qe2 Nf6 5. Nc3 Be7 6. Nxe4 O-O 7. d3 Nxd5 8.
Be3 Re8 9. O-O-O f5 10. Nc3 Nxc3 11. bxc3 Ba3+ 12. Kd2 f4 13. Nd4 fxe3+ 14.
fxe3 c5 15. Nb3 c4 16. Nd4 Nc6 17. Nxc6 bxc6 18. g3 Be6 19. Bg2 Qd6 20. d4 Rad8
21. Rhf1 c5 22. Qf3 cxd4 23. exd4 Rf8 24. Qb7 Bg4 25. Rde1 Qh6+ 26. Rf4 Rxf4 {
Normal} 0-1

[Event "Rated Blitz game"]
[Site "?"]
[Date "2021.11.22"]
[Round "?"]
[White "Lex6699"]
[Black "StoqnOrlinovStoqnov"]
[Result "0-1"]
[WhiteElo "2567"]
[BlackElo "2602"]
[PlyCount "80"]
[EventDate "2021.??.??"]
[EventType "blitz"]

1. e4 e5 2. Nf3 d5 3. Nc3 dxe4 4. Nxe4 f5 5. Nc3 e4 6. Ng1 Nf6 7. d3 Bc5 8.
dxe4 Qxd1+ 9. Nxd1 Nxe4 10. Be3 Be6 11. Nf3 Nc6 12. Bd3 Bb4+ 13. c3 Bd6 14.
Bxe4 fxe4 15. Nd4 Nxd4 16. Bxd4 O-O-O 17. Bxg7 Rhg8 18. Bf6 Rdf8 19. Bh4 Rxg2
20. Bg3 Bc5 21. Rf1 Bc4 22. Rh1 e3 23. Nxe3 Bxe3 24. fxe3 Re2+ 25. Kd1 Rd8+ 26.
Kc1 Rdd2 27. Rb1 Bxa2 28. Ra1 Rxb2 29. Rf1 Bb3 30. Rf8+ Kd7 31. Rf4 Rec2+ 32.
Kd1 Rxh2+ 33. Ke1 Rhg2 34. Bf2 Rh2 35. Bg3 Rh1+ 36. Rf1 Rh3 37. Bf4 Bc4 38.
Rd1+ Kc6 39. Rg1 Re2+ 40. Kf1 Rf3# {Normal} 0-1

[Event "Rated Blitz game"]
[Site "?"]
[Date "2021.11.22"]
[Round "?"]
[White "blitzchessclub"]
[Black "Tengo1000cuentas"]
[Result "1-0"]
[WhiteElo "2407"]
[BlackElo "2295"]
[PlyCount "67"]
[EventDate "2021.??.??"]
[EventType "blitz"]

1. e4 e5 2. Nf3 d5 3. exd5 Nf6 4. Nc3 e4 5. Qe2 Be7 6. Nxe4 O-O 7. Nxf6+ Bxf6
8. Qc4 Re8+ 9. Be2 Nd7 10. O-O Nb6 11. Qd3 g6 12. c4 Bf5 13. Qb3 Rxe2 14. d3
Nd7 15. Qxb7 Nc5 16. Qc6 Nxd3 17. Bh6 Bg7 18. Bxg7 Kxg7 19. Nd4 Bd7 20. Qa6
Rxb2 21. Qa3 Rd2 22. Qc3 Qf6 23. Qxd2 Qxd4 24. Rad1 Bf5 25. Qe3 Qxc4 26. f3 Qc5
27. Rxd3 Bxd3 28. Qxc5 Bxf1 29. Kxf1 Rb8 30. Qxc7 Rb1+ 31. Kf2 Rb2+ 32. Kg3
Rxa2 33. d6 Rd2 34. Qc3+ {Normal} 1-0